| 000 | 00406nam a2200109Ia 4500 | ||
|---|---|---|---|
| 008 | 171204s9999 xx 000 0 und d | ||
| 245 | _aOutsiders Still: Why Women Journalists Love – And Leave – Their Newspaper Careers: | ||
| 245 | _cVivian Smith | ||
| 260 | _c2015 | ||
| 650 | _xADVANCED JOURNALISTIC WRITING & PUBLICATION | ||
| 856 | _uhttp://down.ebook777.com/027/OutStiWhyWomJouLovAndLeaTheNewCar.pdf | ||
| 999 |
_c346018 _d346018 |
||